Wissensquiz-Allgemeinwissen - Statistiken

Allgemein
  • Dieses Quiz wurde 192 mal gespielt
  • Das Durchschnittsergebnis liegt bei 10 aus 15
Antwortstatistiken
Frage Antwort % Korrekt
Elon Musk benannte die Plattform Twitter um in...? X
96%
Wo hin geht man, wenn man "vamos a la playa" sagt? an den Strand
89%
Was wird bei der Photosynthese produziert? Sauerstoff
88%
Was ist die Hauptstadt von Nordkorea? Pjöngjang
86%
Wer war der letzte deutsche Meister, der nicht der FC Bayern München war? Bayer Leverkusen
79%
Wer erfand das Telefon? Graham Bell
73%
Was bedeutet "Memory" auf deutsch? Erinnerung
66%
Wann starb Michael Jackson? 2009
60%
In welchem Bundesstaat wurde Obama geboren? Hawaii
57%
Wie hoch ist die ideale Inflationsrate circa? 2%
55%
Wo starb Mozart? Wien
52%
Wer war KEIN Teil des Weimarer Dreiecks? England
51%
Wer malte den Wanderer im Nebelmeer? Caspar David Friedrich
48%
Welches Alkan ist am größten? Butan
37%
Wie berechnet man die Spannung? Stromstärke multipliziert mit Wiederstand
29%
Keine übereinstimmenden Quizze gefunden
Verteilung der Resultate
Anzahl Personen mit jedem Resultat
Perzentil nach korrekt beantworteten Fragen
Ihre Resultats-Entwicklung
Sie haben dieses Quiz noch nicht gespielt